| 000 | 00781nam a2200229 a 4500 | ||
|---|---|---|---|
| 001 | 000042144 | ||
| 005 | 20201002035951.0 | ||
| 008 | 131114s2008 pr 000 p spa d | ||
| 020 | _a0865816352 | ||
| 040 |
_aDO-SdBNP _bspa _cBNPHU |
||
| 082 |
_aPR861.44 _bS127p |
||
| 100 | 1 |
_aSáez Burgos, Juan _d1943- _969139 |
|
| 245 | 1 | 0 |
_aPoemas portátiles / _cJuan Sáez Burgos. |
| 260 |
_aSan Juan, Puerto Rico : _bInstituto Culturales Puertorriqueña, _bGuajana, _c2008. |
||
| 300 |
_a65 p. ; _c22 cm. |
||
| 490 | 1 | _aEspada y flor | |
| 500 | _aIncluye datos biográficos del autor en la solapa de la cubierta. | ||
| 650 | 4 |
_aPoesía puertorriqueña _91015 |
|
| 650 | 4 |
_aLiteratura puertorriqueña _9250 |
|
| 830 | 0 |
_aEspada y flor _914204 |
|
| 910 | _aValidado. Control de calidad MFF | ||
| 999 |
_c41633 _d41633 |
||